Capitales de América Latina - Estadísticas

Estadísticas generales
  • Esta prueba ha sido intentada 3.359 veces
  • La puntuación promedio es 16 de 20
Estadísticas de respuestas
Hint Respuesta % Correcto
Argentina Buenos Aires
96%
Brasil Brasilia
95%
Peru Lima
94%
Colombia Bogotá
90%
Ecuador Quito
89%
Uruguay Montevideo
88%
Venezuela Caracas
87%
México Ciudad de México
84%
Panamá Ciudad de Panamá
81%
Bolivia La paz
78%
Cuba La habana
77%
Paraguay Asunción
76%
El salvador San salvador
76%
Chile Santiago de chile
76%
Guatemala Ciudad de Guatemala
74%
Costa Rica San José
68%
Nicaragua Managua
63%
Republica Dominicana Santo Domingo
61%
Honduras Tegucigalpa
59%
Haití Puerto Príncipe
47%
No se encontraron pruebas coincidentes
Distribución de puntuación
Porcentaje de gente con cada puntuación
Porcentaje por número respondido
Historial de tus puntuaciones
No has intentado esta prueba.